000 00492nam a2200169Ia 4500
999 _c1425
_d1425
003 OSt
005 20201109123709.0
008 190216s9999||||xx |||||||||||||| ||und||
040 _coclc
082 _a574.92
_bPIL/I
100 _aPillai, N Krishna
_96351
245 0 _aIntroduction To Planktonology /
_cN Krishna Pillai
260 _bHimalaya Publishing House,
_c1986.
_aBombay:
300 _a104p
650 _aBotany
942 _cBK
_2ddc
_h574.92
_iPIL/I
_k574.92
_mPIL/I